| 000 | 00340nam a2200121Ia 4500 | ||
|---|---|---|---|
| 008 | 171211s9999 xx 000 0 und d | ||
| 020 | _a8888815000192 | ||
| 100 | _aPatton, Kevin T. | ||
| 245 | _aLaboratory Manual Essentials of Anatomy & Physiology | ||
| 250 | _a8th Edition | ||
| 260 |
_bMcGraw-Hill Education _c2013 |
||
| 300 | _a328 pages | ||
| 999 |
_c350917 _d350917 |
||